| 000 | 00873cab a2200265 4500 | ||
|---|---|---|---|
| 001 | ABS50279 | ||
| 008 | 090401t1994 xxu||||| |||| 00| 0 eng d | ||
| 035 | _a(Sirsi) u75045 | ||
| 041 | _aeng | ||
| 100 | _aThame, D. | ||
| 245 | _aRetail warehousing | ||
| 260 | _c1994 | ||
| 350 | _a0 | ||
| 490 |
_aProperty Week _v46(9) 3 March 1994, 33-34(2) |
||
| 520 | _aA special report which highlights the advantages and disadvantages for investors in the retail warehousing market and examines the effect that the new PPG6 has on its overall growth. | ||
| 650 | _aINVESTMENT MARKET | ||
| 650 | _aOUT-OF-TOWN | ||
| 650 | _aPLANNING POLICY GUIDANCE NOTE 6 | ||
| 650 | _aPLANNING POLICY GUIDANCE NOTE SIX | ||
| 650 | _aRETAIL WAREHOUSING | ||
| 650 | _aSHOPPING CENTRES | ||
| 690 | _aPROPERTY-COMMERCIAL PROPERTY-RETAIL PROPERTY | ||
| 942 | _n0 | ||
| 948 | _c04/03/1997 | ||
| 999 |
_c47278 _d47278 |
||